| 000 | 01103cam a2200205 4500 | ||
|---|---|---|---|
| 001 | WB3943-04 | ||
| 008 | 031112n2003 000 0 eng u | ||
| 035 | _a(Sirsi) u124292 | ||
| 245 | _aM25 offices begin long road to recovery | ||
| 260 | _c2003 | ||
| 490 |
_aProperty Week _v68(44) 7 November 2003, 2(1) |
||
| 520 | _aThe Knight Frank quarterly review of office space around the M25 shows the first signs that the market is starting to recover. 833 435 sq ft (77 428 sq m) is under offer in 49 buildings. There are few completed deals, with take-up being 40% less than in the second quarter. With only three buildings under construction in the M25 area availability is stabilising. The vacancy rate has risen from 9.3% to 9.5%, with private and overseas investors remaining active. Also includes brief overview of M4 and M3 areas too. To view the report visit http://www.knightfrankglobal.com/wip/pdf/10383.pdf | ||
| 590 | _aWB | ||
| 650 | _aOFFICES | ||
| 650 | _aM25 | ||
| 650 | _aM4 | ||
| 650 | _aM3 | ||
| 690 | _aPROPERTY-COMMERCIAL PROPERTY-COMMERCIAL PROPERTY MARKET | ||
| 942 | _n0 | ||
| 999 |
_c73773 _d73773 |
||